Nr. 1 Hits in Deutschland 1991 - Statistiken

Allgemein
  • Dieses Quiz wurde 54 mal gespielt
  • Das Durchschnittsergebnis liegt bei 4 aus 8
Antwortstatistiken
Wochen auf Platz 1 Lied Interpret % Korrekt
11 Wochen Wind of Change Scorpions
92%
8 Wochen Joyride Roxette
67%
5 Wochen (Everything I Do) I Do It for You Bryan Adams
65%
5 Wochen Beinhart Torfrock
65%
11 Wochen Sadeness (Part I) Enigma
54%
10 Wochen Let’s Talk About Sex Salt ’n’ Pepa
35%
8 Wochen Bacardi Feeling(Summer Dreamin’) Kate Yanai
23%
5 Wochen Gonna Make You Sweat(Everybody Dance Now) C+C Music Factory feat.Freedom Williams
13%
Keine übereinstimmenden Quizze gefunden
Verteilung der Resultate
Anzahl Personen mit jedem Resultat
Perzentil nach korrekt beantworteten Fragen
Ihre Resultats-Entwicklung
Sie haben dieses Quiz noch nicht gespielt